| 000 | 00499nam a22001697a 4500 | ||
|---|---|---|---|
| 999 |
_c26751 _d26751 |
||
| 003 | BDDh-ASL | ||
| 005 | 20231015030700.0 | ||
| 008 | 211018s1904 p ||||| |||| 00| 0 u d | ||
| 040 |
_aBDDh-ASL _cBDDh-ASL |
||
| 082 |
_a910 _bAMS |
||
| 100 | 1 |
_95064 _aAmritsari, Hafiz Abdur Rahman |
|
| 245 | 1 | 0 | _aSafarnama-e Bilad-e Islamiya : / سفرنامۂ بلاد اسلاميہ |
| 260 |
_aLahore : _c1904. |
||
| 300 |
_a240 p. : _c22 cm. |
||
| 650 | 0 |
_93535 _aTravels _x Travelogue |
|
| 942 |
_2ddc _cBK |
||